Science Quiz

Random Science or Chemistry Quiz
Score 0/21 Timer 03:00
0 Plays Today
3rd Letter Element % Correct
LHelium, Gold...
96.4%
DHydrogen, Sodium...
94%
RCarbon, Boron...
93.5%
TNitrogen, Lithium...
91.7%
NXenon, Zinc...
89.6%
ONeon, Iron...
86.9%
YOxygen, Krypton
83.3%
ALead, Uranium...
82.6%
UAluminum, Fluorine...
74.9%
GMagnesium, Argon
73.6%
SArsenic, Cesium...
60.2%
3rd Letter Element % Correct
PCopper, Neptunium...
60.2%
BCobalt, Rubidium...
58.9%
EAmericium, Rhenium...
39.8%
CNickel, Technetium
37.6%
FHafnium
31.8%
IIridium, Meitnerium
26.1%
MOsmium, Samarium
24.4%
WLawrencium
22%
VLivermorium
20.8%
HBohrium, Nihonium
20.3%
Remove Ads.
Support Sporcle.
Get the best of Sporcle when you Go Orange. This ad-free experience offers more features, more stats, and more fun while also helping to support Sporcle. Thank you for becoming a member.

You're not logged in!

Compare scores with friends on all Sporcle quizzes.
OR
Log In

Show Comments

Extras

Top Quizzes Today


Score Distribution

Your Account Isn't Verified!

In order to create a playlist on Sporcle, you need to verify the email address you used during registration. Go to your Sporcle Settings to finish the process.

Report this User

Report this user for behavior that violates our Community Guidelines.

Details: